Historyczne flagi - Statystyki

Ogólne statystyki
  • Ten quiz został rozwiązany 26 razy
  • Średni wynik to 6 z 25
Statystyki odpowiedzi
Obrazkowy Odpowiedź % Poprawnych
Księstwo Albanii
84%
Indie Brytyjskie
68%
Unia Afrykańskich Stanów
63%
Księstwo Serbii
58%
Demokratyczna Republika Sudanu
53%
Chanat Chiwy
42%
Księstwo Brazylii
37%
Republika Khmerów
32%
Emirat Afganistanu
21%
Buchara
16%
Imperium Safawidów
16%
Loango
16%
Oman Traktatowy
16%
Gubernia Kurlandzka
11%
Kostaryka
11%
Trypolitania
11%
Emirat Północnokaukaski
5%
Karakałpacja
5%
Księstwo Khachen
5%
Księstwo Samos
5%
Makau
5%
Państwo Komorów
5%
Protektorat Nigerii Północnej
5%
Protektorat Nigerii Południowej
5%
Sułtanat Lahidż
5%
Nie znaleziono quizów pasujących do podanych kryteriów
Rozkład punktacji
Procent ludzi z każdym wynikiem
Percentyl według liczby udzielonych odpowiedzi
Twoja historia wyników
Nie rozwiązałeś tego quizu